000
00299nam a2200145Ia 4500
100
_a
Koparkar/Pramod
942
_c
BK
654
_a
unix
245
_a
Unix for you
260
_b
Tata Mc Graw hill
_a
New Delhi
_c
1991
082
_a
005.13U
_b
KOP
300
_a
128
546
_a
ENGLISH
999
_c
22522
_d
22522